1885 1450 1978 1943 1568 1664 1831 1383 1169 1383 1208 1775 1340 1398 1596 1262 1983 1239 1355 1094 1497 1827 1000 1888 1251 1674 1269 1890 1514 1248 1010 1592 1223 1953 1012 1502 1805 1838 1539 1975 1996 1250 1097 1873 1426 1722 1632 1430 1144 1433 1429 1667 1263 1039 1228 1592 1662 1488 1982 1370 1482 1845 1405 1969 1657 1706 1335 1320 1876 1400 1373 1328 1834 1795 1178 1222 1256 1775 1341 1210 1143 1084 1287 1077 1764 1266 1470 1172 1412 1118 1131 1250 1409 1048 1768 1749 1173 1390 1237 BCNSPRNW ULIB Ver.6.0+V

เปลี่ยนเป็นภาษาไทย

Change to English
 แสดงรายละเอียดบรรณานุกรม
  กลับหน้าหลัก

Brief Record : Get Marc (ISO 2709) : E-mail record : QR code < ปิดหน้าต่าง
LEADER : 00000nam 2200000uu 4500
001    13399113923
003     ULIB
008    120113s2554||||th 000 0 tha d
020    ^a9789740327363
050  4 ^aPL4167^bจ118ก
100 0  ^aจงจิต (กล้วยไม้) นิมมานนรเทพ
245 10 ^aกาพย์ช่วยจำคำที่มักใช้ผิด /^cจงจิต (กล้วยไม้) นิมมานนรเทพ
246 30 ^aคำที่มักใช้ผิด
250    ^aพิมพ์ครั้งที่ 2
260    ^aกรุงเทพฯ :^bสำนักพิมพ์แห่งจุฬาลงกรณ์มหาวิทยาลัย,^c2554
300    ^a99 หน้า :^bภาพประกอบ ;^c22 ซม.
650  4 ^aภาษาไทย^xการใช้ภาษา
650  4 ^aภาษาไทย^xตัวสะกด
650  4 ^aภาษาไทย^xคำศัพท์
945    ^p0^l0^i18652
995    ^aเกษร
999    ^aใช้งานได้ทุกระบบ
รายการนี้ยังไม่มีแท็ก
คุณยังไม่ได้ล็อกอิน คุณสามารถมีกิจกรรมร่วมกับเว็บไซต์ได้ แต่ต้องล็อกอินก่อน ::
  ล็อกอิน

รายการสื่อสารสนเทศ

ลำดับที่ ประเภท เลขเรียก/บาร์โค้ด สถานที่ สถานะ
- ไม่พบข้อมูล -

รายการใกล้เคียง
    ผู้แต่ง [จงจิต (กล้วยไม้) นิมมานนรเทพ]

BibComment


ยังไม่เคยถูกคอมเมนท์

คอมเมนท์ทรัพยากรรายการนี้
  คอมเมนท์: กาพย์ช่วยจำคำที่..


 Copyright 2026. Bcnsprnw @Library